| 000 | 00983nam a2200289 a 4500 | ||
|---|---|---|---|
| 001 | 1068485 | ||
| 005 | 20150605103428.0 | ||
| 008 | 910710s1990 ke 000 0 eng | ||
| 010 | _a 90980675 | ||
| 020 | _a0195727231 | ||
| 040 |
_aDLC _cDLC |
||
| 043 | _af-ke--- | ||
| 050 | 0 | 0 |
_aKSK610 _b.K33 1990 |
| 082 | 0 | 0 |
_a346.017 KAB _220 |
| 100 | 1 |
_aKabeberi, Janet W. _91020 |
|
| 245 | 1 | 4 |
_aThe child : _bcustody, care, and maintenance / _cJanet Kabeberi. |
| 260 |
_aNairobi : _bOxford University Press, _c1990. |
||
| 300 |
_aix, 61 p. ; _c21 cm. |
||
| 440 | 0 |
_aYou and the law _9969 |
|
| 650 | 0 |
_aParent and child (Law) _zKenya. _91021 |
|
| 650 | 0 |
_aChildren's rights _zKenya. _91022 |
|
| 650 | 0 |
_aChildren _xLegal status, laws, etc. _zKenya. _91023 |
|
| 650 | 0 |
_aAdoption _xLaw and legislation _zKenya. _91024 |
|
| 906 |
_a7 _bcbc _corignew _d2 _encip _f19 _gy-gencatlg |
||
| 942 |
_2ddc _cBK |
||
| 999 |
_c339 _d339 |
||